Luna nueva

Guardat en:
Dades bibliogràfiques
Autor principal: Meyer, Stephenie (autora)
Format: Llibre
Idioma:espanyol
Publicat: Santiago Alfaguara 2009
Edició:7a. ed
Matèries:
Etiquetes: Afegir etiqueta
Sense etiquetes, Sigues el primer a etiquetar aquest registre!

MARC

LEADER 00000nam a2200000 a 4500
001 UCH2560
003 CL-VaPUC
008 090618e20090000CL |||||||||||||||||spa|d
020 |a 9789562395342 
082 0 4 |a 813  |b MEY  |2 21 
100 |a Meyer, Stephenie  |e autora  |9 553202 
245 1 0 |a Luna nueva 
250 |a 7a. ed 
300 |a 574 p 
942 |c BK 
945 |d 20090618 00:00:00  |a cmena 
260 |a Santiago  |b Alfaguara  |c 2009 
500 |a Stephenie Meyer nació en Connecticut en 1973. Su familia se trasladó a Phoenis, Arizona, cuando ella tenía cuatro años.Fue al Instituto de Scottsdale, Arizona, donde fue galardonada con el Premio Nacional al Mérito Escolar, que usó para pagar su ingreso en la Universidad Brighm Young, en Utah, donde se graduó en Literatura Inglesa. Su saga de vampiros: Crepúsculo, Luna Nueva, Eclipse y Amanecer ha arrasado en todo el mundo, vendiendo millones de ejemplares y atrayendo lectores de todas las edades. 
500 |a Cuando el papel me cortó el dedo, sólo salió una gota de sangre del pequeño rasguño. Entonces, todo pasó muy rápido. ­No!, rugió Edward. Se arrojó sobre mí, lanzándome contra la mesa y aterricé en un montón de cristales hechos añicos. Jasper chocó contra Edward y el sonido pareció el choque de dos rocas...Aturdida y desorientada, miré la brillante sangre roja que salía de mi brazo y después a los ojos enfebrecidos de seis vampiros repentinamente hambrientos... 
650 0 |a Novelas estadounidenses  |9 265217 
650 0 |a Vampiros  |9 610519 
650 0 |a Literatura juvenil   |9 309909 
650 0 |a Ciencia ficción   |9 314542 
583 |a last modification  |c 20090618 00:00:00  |k Rodrigo Vera 
999 |c 334286  |d 334284 
952 |0 0  |1 0  |4 0  |6 813_000000000000000_MEY_2009  |7 0  |8 C  |9 423251  |a BIBCUR  |b BIBCUR  |d 2019-11-22  |i 4566912  |l 1  |o 813 MEY 2009  |p 4566912  |r 2025-04-22  |s 2024-04-26  |w 2019-11-22  |y BK  |k CAC